000 00937nam a2200253 i 4500
001 bg
245 0 0 _aStacja kompleksowego monitoringu środowiska Puszcza Borecka /
_cpod red. nauk. Jana Siuty ; [aut. Anna Degórska i in.] ; Instytut Ochrony Środowiska.
260 _aWarszawa :
_bIOŚ,
_c1994.
300 _a128, [1] s., [29] k. tabl. złoż., [29] s. tabl. (w tym kolor), [1] mapa kolor. złoż. luzem :
_bfot., mapy, rys., wykr. ;
_c24 cm.
490 1 _aMonitoring Środowiska
504 _aBibliogr. s. 119-126. - Summ.
650 9 _aBorecka Puszcza
_xfizjografia
_xbadanie
650 9 _aŚrodowisko człowieka
_xbadanie
_zPolska
700 1 _aSIUTA, Jan.
_eRed.
700 1 _aDEGÓRSKA, Anna.
830 _aMonitoring Środowiska
020 _a8385805109
040 _cBPK
041 0 _apl
_ben
080 _a914.38::911.2A/Z:504
920 _a83-85805-10-9
942 _cKS
008 s pl f |000 0 pol
999 _c30423
_d30423
856 _uhttp://koha.tu.koszalin.pl/cgi-bin/koha/opac-detail.pl?biblionumber=30423
_yKatalog online BPK